[Event "Quimper op 5th"]
[Site "Quimper"]
[Date "2014.10.31"]
[Round "7"]
[White "Caroff, Frederic"]
[Black "Le Nigen, Claude"]
[Result "1-0"]
[WhiteElo "2127"]
[BlackElo "1280"]
[PlyCount "69"]
[EventDate "2014.10.31"]
[EventType "swiss"]
[EventRounds "7"]
[EventCountry "FRA"]
[SourceTitle "EXT 2016"]
[Source "ChessBase"]
[SourceDate "2015.10.08"]
[SourceVersion "1"]
[SourceVersionDate "2015.10.08"]
[SourceQuality "1"]

1. e4 c6 2. d4 d5 3. Nd2 e6 4. Ngf3 c5 5. exd5 Qxd5 6. Bc4 Qd7 7. 0-0 cxd4 8. Nb3 Qa4 9. Qe2 Bd7 10. Nbxd4 a6 11. Bd2 Nc6 12. Bc3 Bb4 13. Bb3 Qa5 14. Nxc6 Bxc6 15. Bxg7 Rc8 16. Bxh8 Bb5 17. c4 Bc6 18. Ne5 Ne7 19. a3 Bc5 20. Ba2 Qb6 21. Nxc6 Nxc6 22. b4 Be7 23. Rad1 Qc7 24. c5 Bg5 25. Bxe6 Kf8 26. Bxc8 Qxc8 27. f4 Be7 28. f5 Bg5 29. h4 Bh6 30. Qh5 Be3+ 31. Kh1 Qe8 32. Qxh7 b6 33. Bg7+ Ke7 34. f6+ Ke6 35. Qf5# 1-0

[Event "Quimper op 5th"]
[Site "Quimper"]
[Date "2014.10.31"]
[Round "6"]
[White "Desbois, Jean Marie"]
[Black "Caroff, Frederic"]
[Result "1-0"]
[WhiteElo "1510"]
[BlackElo "2127"]
[PlyCount "79"]
[EventDate "2014.10.31"]
[EventType "swiss"]
[EventRounds "7"]
[EventCountry "FRA"]
[SourceTitle "EXT 2016"]
[Source "ChessBase"]
[SourceDate "2015.10.08"]
[SourceVersion "1"]
[SourceVersionDate "2015.10.08"]
[SourceQuality "1"]

1. e4 c5 2. Nc3 a6 3. a4 b6 4. Bc4 e6 5. Nf3 Bb7 6. d3 d6 7. 0-0 Nf6 8. Re1 Nbd7 9. h3 Be7 10. Nh2 0-0 11. Nf1 Re8 12. Ne3 Nf8 13. Ne2 Qc7 14. c3 Qc6 15. f3 Bd8 16. Kh2 Bc7 17. g3 Rad8 18. b4 d5 19. b5 Qd6 20. bxa6 Ba8 21. e5 Qxe5 22. f4 Qd6 23. Bb5 N6d7 24. Ng4 Ng6 25. Ng1 f6 26. d4 Kf7 27. Nf3 h5 28. Nge5+ Ngxe5 29. fxe5 Qf8 30. Ng5+ Kg8 31. Rf1 g6 32. Bxd7 Rxd7 33. Rxf6 Qg7 34. Qc2 Rf8 35. Nxe6 Qxf6 36. exf6 Rxf6 37. Nxc7 Rxc7 38. Bf4 Rcf7 39. h4 Ra7 40. Qe2 1-0

[Event "EU-ch 12th"]
[Site "Aix les Bains"]
[Date "2011.04.02"]
[Round "11"]
[White "Giffard, Nicolas"]
[Black "Caroff, Frederic"]
[Result "1-0"]
[WhiteElo "2318"]
[BlackElo "2114"]
[PlyCount "85"]
[EventDate "2011.03.22"]
[EventType "swiss"]
[EventRounds "11"]
[EventCountry "FRA"]
[SourceTitle "CBM 142 Extra"]
[Source "ChessBase"]
[SourceDate "2011.06.27"]
[SourceVersion "1"]
[SourceVersionDate "2011.06.27"]
[SourceQuality "1"]

1. d4 Nf6 2. Nc3 d5 3. Bg5 Bf5 4. Bxf6 exf6 5. e3 c6 6. Bd3 Be6 7. Nce2 Nd7 8. Ng3 g6 9. h4 f5 10. h5 Nf6 11. hxg6 fxg6 12. Nf3 Ne4 13. Ne2 Bd6 14. Nf4 Bxf4 15. exf4 Qb6 16. Qc1 0-0-0 17. c3 h6 18. Qc2 g5 19. fxg5 hxg5 20. 0-0-0 g4 21. Ne5 c5 22. Rxh8 Rxh8 23. f3 gxf3 24. gxf3 cxd4 25. fxe4 fxe4 26. Bf1 d3 27. Qd2 Qd6 28. Qg5 Rg8 29. Qh5 d4 30. c4 b5 31. Bh3 Bxh3 32. Qxh3+ Kb8 33. Qf5 Rc8 34. Nd7+ Kc7 35. Nc5 Kb8 36. Nxe4 Qh6+ 37. Kb1 bxc4 38. Qe5+ Rc7 39. Qxd4 Qc6 40. Rf1 Rd7 41. Qe5+ Qc7 42. Rf8+ Kb7 43. Qb5+ 1-0

[Event "EU-ch 12th"]
[Site "Aix les Bains"]
[Date "2011.03.25"]
[Round "4"]
[White "Caroff, Frederic"]
[Black "Csiba, Dominik"]
[Result "1-0"]
[WhiteElo "2117"]
[BlackElo "2378"]
[PlyCount "83"]
[EventDate "2011.03.22"]
[EventType "swiss"]
[EventRounds "11"]
[EventCountry "FRA"]
[SourceTitle "CBM 142 Extra"]
[Source "ChessBase"]
[SourceDate "2011.06.27"]
[SourceVersion "1"]
[SourceVersionDate "2011.06.27"]
[SourceQuality "1"]

1. b4 d5 2. Bb2 Bg4 3. h3 Bh5 4. c4 e6 5. Qb3 Nf6 6. e3 Nbd7 7. cxd5 exd5 8. Ne2 Bd6 9. Nf4 Bxf4 10. exf4 Bg6 11. Qe3+ Qe7 12. Nc3 c6 13. 0-0-0 Qxe3 14. dxe3 h5 15. g3 Nb6 16. Rg1 Bf5 17. f3 0-0-0 18. g4 Bd7 19. g5 Ne8 20. e4 Nc7 21. a4 Nc4 22. exd5 Nxb2 23. Kxb2 Nxd5 24. Nxd5 cxd5 25. Rxd5 Bxa4 26. Bc4 h4 27. Rxd8+ Rxd8 28. Bxf7 Rd2+ 29. Kc3 Rf2 30. Kd4 Rxf3 31. Be6+ Bd7 32. Rc1+ Kd8 33. Ke4 Rxh3 34. Bxh3 Bxh3 35. Kf3 Bf5 36. g6 Bxg6 37. Kg4 Be4 38. Kxh4 Kd7 39. Kg5 Kd6 40. Rc8 Kd5 41. Rc7 Kd4 42. f5 1-0

[Event "Rohde op 10th"]
[Site "Sautron"]
[Date "2010.10.28"]
[Round "7"]
[White "Caroff, Frederic"]
[Black "Piasetski, Leon David"]
[Result "0-1"]
[WhiteElo "2107"]
[BlackElo "2303"]
[PlyCount "68"]
[EventDate "2010.10.23"]
[EventType "swiss"]
[EventRounds "9"]
[EventCountry "FRA"]
[SourceTitle "EXT 2012"]
[Source "ChessBase"]
[SourceDate "2011.11.24"]
[SourceVersion "1"]
[SourceVersionDate "2011.11.24"]
[SourceQuality "1"]

1. e4 g6 2. d4 Bg7 3. Nc3 d6 4. Be3 a6 5. Qd2 Nd7 6. Nf3 b5 7. Bd3 Bb7 8. a4 b4 9. Ne2 c5 10. c3 bxc3 11. bxc3 Qa5 12. 0-0 Ngf6 13. e5 dxe5 14. dxe5 Ng4 15. e6 fxe6 16. Bc4 Bxf3 17. gxf3 Nde5 18. Qa2 Nxe3 19. fxe3 Nxc4 20. Qxc4 0-0 21. Qxe6+ Kh8 22. Rad1 Qxa4 23. Rd5 Qc4 24. Nf4 Qxc3 25. Nxg6+ hxg6 26. Qxg6 Qxe3+ 27. Kg2 e5 28. f4 Rxf4 29. Rxf4 Qxf4 30. Rd3 Rg8 31. Rg3 e4 32. h4 Qxg3+ 33. Qxg3 Bd4 34. Qxg8+ Kxg8 0-1

[Event "Paris-ch op-A"]
[Site "Paris"]
[Date "2010.07.09"]
[Round "7"]
[White "Caroff, Frederic"]
[Black "Aflalo, Sophie"]
[Result "0-1"]
[WhiteElo "2106"]
[BlackElo "2008"]
[PlyCount "128"]
[EventDate "2010.07.03"]
[EventType "swiss"]
[EventRounds "9"]
[EventCountry "FRA"]
[SourceTitle "CBM 137 Extra"]
[Source "ChessBase"]
[SourceDate "2010.09.01"]
[SourceVersion "1"]
[SourceVersionDate "2010.09.01"]
[SourceQuality "1"]

1. e4 c5 2. c3 d5 3. exd5 Qxd5 4. d4 Nf6 5. Nf3 Bg4 6. dxc5 Qxc5 7. Na3 a6 8. Nc4 Nbd7 9. Be3 Qc7 10. h3 Bh5 11. Qe2 e6 12. g4 Bg6 13. Rd1 Ne4 14. Rxd7 Qxd7 15. Nb6 Qd8 16. Nxa8 Qxa8 17. Ne5 Nf6 18. Nxg6 hxg6 19. Bg2 Qc8 20. 0-0 Bd6 21. g5 Nd7 22. Qf3 b6 23. Qc6 Ke7 24. Rd1 Qxc6 25. Bxc6 Ne5 26. Bg2 Nc4 27. Bc1 a5 28. b3 Ne5 29. c4 Bc5 30. Bb2 f6 31. Kf1 Nf7 32. gxf6+ gxf6 33. Re1 Ng5 34. Bd5 Rxh3 35. Kg2 Rd3 36. Bc1 Kf7 37. Bc6 Rd6 38. Bb7 Rd7 39. Bc6 Rd6 40. Bb7 Rd4 41. f4 Nh7 42. Rh1 Kg7 43. Be3 Rd3 44. Bc1 Nf8 45. Re1 Bb4 46. Rf1 Nd7 47. Be4 Rd4 48. Bc2 Nc5 49. Be3 Rd7 50. Rd1 Rxd1 51. Bxd1 Bc3 52. Bc2 f5 53. Bf2 e5 54. fxe5 Bxe5 55. a3 Bc3 56. Kf1 Kf6 57. Be1 Bxe1 58. Kxe1 Ke5 59. b4 axb4 60. axb4 Na6 61. b5 Nc5 62. Bd1 Kd4 63. Be2 Ne4 64. Kd1 Nc3+ 0-1

[Event "Paris-ch op-A"]
[Site "Paris"]
[Date "2010.07.07"]
[Round "5"]
[White "Caroff, Frederic"]
[Black "Frayssinet, Frank"]
[Result "1-0"]
[WhiteElo "2106"]
[BlackElo "1987"]
[PlyCount "87"]
[EventDate "2010.07.03"]
[EventType "swiss"]
[EventRounds "9"]
[EventCountry "FRA"]
[SourceTitle "CBM 137 Extra"]
[Source "ChessBase"]
[SourceDate "2010.09.01"]
[SourceVersion "1"]
[SourceVersionDate "2010.09.01"]
[SourceQuality "1"]

1. e4 e6 2. d4 d5 3. e5 c5 4. c3 Nc6 5. Nf3 Bd7 6. Be2 Rc8 7. 0-0 Qb6 8. dxc5 Bxc5 9. b4 Be7 10. Be3 Qc7 11. b5 Nxe5 12. Nxe5 Qxe5 13. Bd4 Qg5 14. Nd2 Bc5 15. Nf3 Qh6 16. Qa4 Nf6 17. Bxc5 Rxc5 18. Qxa7 Rxc3 19. Qxb7 Ke7 20. Ne5 Rhc8 21. b6 Qf4 22. Nxd7 Nxd7 23. Bb5 Qd6 24. a4 Rb8 25. Qxd7+ Qxd7 26. Bxd7 Kxd7 27. a5 Kc6 28. Rfc1 Rxc1+ 29. Rxc1+ Kb5 30. Ra1 Ka6 31. Kf1 Rc8 32. Ke2 Rc3 33. Kd2 d4 34. f3 e5 35. Rb1 Rc8 36. Kd3 Kxa5 37. b7 Rb8 38. Kc4 f5 39. Kc5 Ka4 40. f4 d3 41. fxe5 d2 42. Kc6 Re8 43. Kd7 Rxe5 44. Ra1+ 1-0

[Event "Paris-ch op-A"]
[Site "Paris"]
[Date "2010.07.05"]
[Round "3"]
[White "Caroff, Frederic"]
[Black "Dionisi, Thomas"]
[Result "1/2-1/2"]
[WhiteElo "2106"]
[BlackElo "2183"]
[PlyCount "125"]
[EventDate "2010.07.03"]
[EventType "swiss"]
[EventRounds "9"]
[EventCountry "FRA"]
[SourceTitle "CBM 137 Extra"]
[Source "ChessBase"]
[SourceDate "2010.09.01"]
[SourceVersion "1"]
[SourceVersionDate "2010.09.01"]
[SourceQuality "1"]

1. e4 e5 2. Nf3 f5 3. exf5 e4 4. Qe2 Nf6 5. d3 d5 6. dxe4 dxe4 7. Bg5 Bxf5 8. Nfd2 Nc6 9. Nxe4 Bxe4 10. Bxf6 Qxf6 11. Qxe4+ Be7 12. Nc3 0-0-0 13. Bd3 Rhf8 14. 0-0 Bc5 15. Qg4+ Kb8 16. Ne4 Qe5 17. Nxc5 Qxc5 18. Qxg7 Ne5 19. Qxh7 Rh8 20. Qe4 Rd4 21. Qe2 Qd6 22. f4 Nc6 23. Rae1 a6 24. g3 Rd5 25. f5 Nd4 26. Qf2 Qh6 27. Qg2 Rd6 28. f6 Rxf6 29. Rxf6 Qxf6 30. Rf1 Qb6 31. Kh1 Qxb2 32. a4 Qb4 33. c3 Qxc3 34. Rb1 c6 35. Qb2 Qxb2 36. Rxb2 b5 37. Kg2 Kc7 38. h4 c5 39. axb5 axb5 40. h5 c4 41. Bg6 Kd6 42. g4 c3 43. Rb1 Kc5 44. Kh3 b4 45. g5 b3 46. h6 c2 47. Rf1 Ne2 48. Kg4 c1Q 49. Rxc1+ Nxc1 50. h7 Kd6 51. Kh5 Ke7 52. Kh6 Ne2 53. Kg7 Nf4 54. Bf5 Rf8 55. h8Q Rxh8 56. Kxh8 Kf7 57. Kh7 b2 58. Bb1 Kf8 59. Kh6 Ne6 60. g6 Ng7 61. Ba2 Nf5+ 62. Kh7 Ng7 63. Bb1 1/2-1/2

[Event "Metz op 28th"]
[Site "Metz"]
[Date "2010.04.14"]
[Round "5"]
[White "Caroff, Frederic"]
[Black "Claverie, Christophe"]
[Result "0-1"]
[WhiteElo "2138"]
[BlackElo "2345"]
[PlyCount "52"]
[EventDate "2010.04.10"]
[EventType "swiss"]
[EventRounds "9"]
[EventCountry "FRA"]
[SourceTitle "CBM 136 Extra"]
[Source "ChessBase"]
[SourceDate "2010.07.02"]
[SourceVersion "2"]
[SourceVersionDate "2010.07.15"]
[SourceQuality "1"]

1. e4 Nc6 2. d4 e5 3. dxe5 Nxe5 4. Be3 Nf6 5. Be2 d5 6. exd5 Qxd5 7. Nf3 Qa5+ 8. Qd2 Bb4 9. c3 Bd6 10. Qc2 Nfg4 11. Bd4 0-0 12. Nxe5 Nxe5 13. Nd2 Nc6 14. Be3 Bf5 15. Qb3 Ne5 16. Nc4 Nxc4 17. Bxc4 Qe5 18. Qb5 Qf6 19. 0-0 c6 20. Qb3 b5 21. Be2 Qg6 22. Rfc1 Be4 23. Bf1 Kh8 24. a4 f5 25. axb5 f4 26. Bxa7 Bxg2 0-1

[Event "Metz op 28th"]
[Site "Metz"]
[Date "2010.04.14"]
[Round "7"]
[White "Caroff, Frederic"]
[Black "Colson, Arnaud"]
[Result "1/2-1/2"]
[WhiteElo "2138"]
[BlackElo "2135"]
[PlyCount "97"]
[EventDate "2010.04.10"]
[EventType "swiss"]
[EventRounds "9"]
[EventCountry "FRA"]
[SourceTitle "CBM 136 Extra"]
[Source "ChessBase"]
[SourceDate "2010.07.02"]
[SourceVersion "2"]
[SourceVersionDate "2010.07.15"]
[SourceQuality "1"]

1. e4 c5 2. c3 e6 3. d4 d5 4. e5 Nc6 5. Nf3 Bd7 6. Be2 Nge7 7. Na3 Nf5 8. Nc2 Rc8 9. 0-0 cxd4 10. cxd4 Be7 11. Ne3 Nxe3 12. fxe3 f6 13. Bd3 0-0 14. exf6 Bxf6 15. Bd2 Qb6 16. Qb1 h6 17. b4 Ne7 18. a4 Nf5 19. Qb3 Nd6 20. a5 Qd8 21. Rfc1 Bb5 22. Rxc8 Qxc8 23. Bxb5 Nxb5 24. Rc1 Qd7 25. Qc2 Nd6 26. Qc7 Qxc7 27. Rxc7 Rf7 28. Rc5 a6 29. Be1 Nc4 30. e4 dxe4 31. Rxc4 exf3 32. gxf3 Rd7 33. Bf2 Kf7 34. f4 Ke7 35. Kg2 Kd6 36. Kf3 Rc7 37. Rxc7 Kxc7 38. Ke4 Kc6 39. f5 exf5+ 40. Kxf5 Kd5 41. h4 Be7 42. Be1 Kxd4 43. h5 Kc4 44. Kg6 Bf6 45. Bd2 Bb2 46. Be1 Be5 47. Bd2 Kd3 48. Be1 Ke2 49. Bh4 1/2-1/2

[Event "Rohde op 09th"]
[Site "Sautron"]
[Date "2009.10.30"]
[Round "8"]
[White "Caroff, Frederic"]
[Black "Dvirnyy, Danyyil"]
[Result "1/2-1/2"]
[WhiteElo "2136"]
[BlackElo "2447"]
[PlyCount "104"]
[EventDate "2009.10.24"]
[EventType "swiss"]
[EventRounds "9"]
[EventCountry "FRA"]
[SourceTitle "EXT 2010"]
[Source "ChessBase"]
[SourceDate "2010.11.25"]
[SourceVersion "1"]
[SourceVersionDate "2010.11.25"]
[SourceQuality "1"]

1. e4 e6 2. d4 d5 3. e5 c5 4. c3 Nc6 5. Nf3 Qb6 6. a3 c4 7. Nbd2 Na5 8. g3 Bd7 9. Bg2 f6 10. exf6 gxf6 11. 0-0 0-0-0 12. Re1 Ne7 13. Rb1 Ng6 14. Bf1 e5 15. dxe5 Bc5 16. e6 Bxe6 17. Nd4 Bxd4 18. cxd4 Bf5 19. Qh5 Bxb1 20. Nxb1 Qxd4 21. Nc3 b6 22. Rd1 Qe5 23. Qf3 Rhe8 24. Nxd5 Qe4 25. Nxb6+ axb6 26. Rxd8+ Kxd8 27. Qxf6+ Kc7 28. Be3 Re6 29. Qc3 Qe5 30. Qc2 Kb7 31. Bg2+ Ka7 32. Qa4 Rd6 33. h4 Ka6 34. Qc2 b5 35. Kh2 Qe6 36. Bh3 Qd5 37. Qc3 Ne5 38. Bc8+ Nb7 39. a4 Nf3+ 40. Kh3 Ne5 41. axb5+ Kxb5 42. Bxb7 Qxb7 43. Qxe5+ Rd5 44. Qe4 Qd7+ 45. Kg2 Kb4 46. b3 Kxb3 47. Qb1+ Ka4 48. Qc2+ Kb4 49. Qb2+ Ka5 50. Qc3+ Kb5 51. Qb2+ Ka5 52. Qc3+ Kb5 1/2-1/2

[Event "Rohde op 09th"]
[Site "Sautron"]
[Date "2009.10.24"]
[Round "1"]
[White "Potkin, Vladimir"]
[Black "Caroff, Frederic"]
[Result "1-0"]
[WhiteElo "2615"]
[BlackElo "2143"]
[PlyCount "73"]
[EventDate "2009.10.24"]
[EventType "swiss"]
[EventRounds "9"]
[EventCountry "FRA"]
[SourceTitle "EXT 2010"]
[Source "ChessBase"]
[SourceDate "2010.11.25"]
[SourceVersion "1"]
[SourceVersionDate "2010.11.25"]
[SourceQuality "1"]

1. d4 Nf6 2. c4 e5 3. dxe5 Ng4 4. Bf4 Nc6 5. Nf3 Bb4+ 6. Nc3 Bxc3+ 7. bxc3 Qe7 8. Qd5 f6 9. exf6 Nxf6 10. Qd3 d6 11. g3 0-0 12. Bg2 Re8 13. Nd4 Ne5 14. Bxe5 dxe5 15. Nb3 e4 16. Qe3 Qf7 17. c5 Be6 18. Rb1 Ng4 19. Qf4 Bf5 20. Nd4 Qxa2 21. 0-0 Bc8 22. Bxe4 Nf6 23. Bxb7 Rb8 24. Qxc7 Bh3 25. Ra1 Qd2 26. Rxa7 Qh6 27. Bg2 Bxg2 28. Kxg2 Qg6 29. Nf5 Nd5 30. Qxg7+ Qxg7 31. Rxg7+ Kh8 32. Rd1 Re5 33. Rf7 Rbe8 34. c4 Ne7 35. Nxe7 R5xe7 36. Rxe7 Rxe7 37. c6 1-0

[Event "Rennes op 2nd"]
[Site "Rennes"]
[Date "2009.07.19"]
[Round "5"]
[White "Jolly, Jean Francois"]
[Black "Caroff, Frederic"]
[Result "1-0"]
[WhiteElo "2366"]
[BlackElo "2119"]
[PlyCount "45"]
[EventDate "2009.07.15"]
[EventType "swiss"]
[EventRounds "9"]
[EventCountry "FRA"]
[SourceTitle "EXT 2011"]
[Source "ChessBase"]
[SourceDate "2010.11.26"]
[SourceVersion "1"]
[SourceVersionDate "2010.11.26"]
[SourceQuality "1"]

1. d4 Nf6 2. c4 e5 3. dxe5 Ng4 4. Bf4 Nc6 5. Nf3 Bb4+ 6. Nbd2 Qe7 7. e3 Ngxe5 8. Be2 Nxf3+ 9. gxf3 d6 10. a3 Bxd2+ 11. Qxd2 Be6 12. Qc3 f6 13. 0-0-0 0-0-0 14. e4 Kb8 15. Be3 Bf7 16. Qc2 Rhe8 17. Qa4 Qe5 18. Rd5 Bxd5 19. cxd5 Ne7 20. f4 Nxd5 21. Qxa7+ Kc8 22. fxe5 Nxe3 23. fxe3 1-0

[Event "Avoine op 23rd"]
[Site "Avoine"]
[Date "2008.07.23"]
[Round "5"]
[White "Caroff, Frederic"]
[Black "Bouget, Alexandre"]
[Result "1-0"]
[WhiteElo "2084"]
[BlackElo "1916"]
[PlyCount "121"]
[EventDate "2008.07.19"]
[EventType "swiss"]
[EventRounds "9"]
[EventCountry "FRA"]
[SourceTitle "CBM 125 Extra"]
[Source "ChessBase"]
[SourceDate "2008.09.01"]
[SourceVersion "1"]
[SourceVersionDate "2008.09.01"]
[SourceQuality "1"]

1. e4 e5 2. Nf3 Nc6 3. Bb5 a6 4. Ba4 Nf6 5. 0-0 Be7 6. Re1 b5 7. Bb3 0-0 8. h3 Bb7 9. d3 d6 10. c3 Qd7 11. Bg5 Rae8 12. Nbd2 Na5 13. Bc2 c5 14. d4 cxd4 15. cxd4 Bd8 16. a3 h6 17. Bxf6 Bxf6 18. d5 Bc8 19. b4 Nb7 20. a4 Bd8 21. Bd3 bxa4 22. Bxa6 f5 23. Qxa4 Qf7 24. Rac1 fxe4 25. Rxe4 Bg5 26. Rf1 Bf4 27. Qc6 Re7 28. Rc4 Qg6 29. Qxc8 Rxc8 30. Rxc8+ Kf7 31. Rb8 e4 32. Rxb7 Rxb7 33. Bxb7 exf3 34. Nxf3 Qe4 35. b5 Qb4 36. Bc6 Qc5 37. Rd1 Qc2 38. Re1 Qc5 39. Kf1 Qc4+ 40. Re2 Qc1+ 41. Ne1 Qb1 42. g3 Be5 43. Kg2 Bd4 44. Be8+ Kf8 45. Nf3 Bf6 46. Bc6 g5 47. Re6 Kg7 48. Rxd6 h5 49. Re6 g4 50. hxg4 hxg4 51. Nd2 Qd3 52. Nf1 Qf3+ 53. Kg1 Bd4 54. Ne3 Bxe3 55. Rxe3 Qd1+ 56. Kg2 Qd4 57. Re6 Kf7 58. b6 Qd1 59. Re3 Qb1 60. b7 Qb6 61. Re4 1-0

[Event "FRA-chT3 Gr06 0607"]
[Site "France"]
[Date "2007.02.11"]
[Round "6.1"]
[White "Veron, Cyprien"]
[Black "Caroff, Frederic"]
[Result "1/2-1/2"]
[WhiteElo "2108"]
[BlackElo "2073"]
[PlyCount "103"]
[EventDate "2006.10.15"]
[EventType "team"]
[EventRounds "9"]
[EventCountry "FRA"]
[SourceTitle "EXT 2008"]
[Source "ChessBase"]
[SourceDate "2007.11.25"]
[SourceVersion "1"]
[SourceVersionDate "2007.11.25"]
[SourceQuality "1"]
[WhiteTeam "St Hilaire Petitville"]
[BlackTeam "Lesneven"]
[WhiteTeamCountry "FRA"]
[BlackTeamCountry "FRA"]

1. Nf3 Nf6 2. c4 g6 3. g3 Bg7 4. Bg2 0-0 5. 0-0 d6 6. d4 Nc6 7. d5 Na5 8. Nfd2 c5 9. Nc3 a6 10. Qc2 Rb8 11. Rb1 Bh6 12. b3 b5 13. Nde4 Bxc1 14. Nxf6+ exf6 15. Rfxc1 bxc4 16. bxc4 Rxb1 17. Nxb1 Bf5 18. e4 Bd7 19. Nd2 Qc7 20. Qc3 Kg7 21. Rb1 Re8 22. Qb2 Bc8 23. Qb8 Qd7 24. Rb6 Rd8 25. Rb2 Qa4 26. Bf1 Qa3 27. Nb1 Qa4 28. Qc7 Re8 29. Nc3 Qa3 30. Rc2 Nb7 31. Qc6 Rd8 32. Qa4 Qxa4 33. Nxa4 f5 34. f3 fxe4 35. fxe4 Re8 36. Bg2 f5 37. Nb6 fxe4 38. Nxc8 Rxc8 39. Bxe4 Na5 40. Bd3 Rb8 41. Rc3 Rb4 42. Ra3 Nxc4 43. Bxc4 Rxc4 44. Rxa6 Rc2 45. Rxd6 Rxa2 46. Rc6 Rc2 47. Rc7+ Kh6 48. Kf1 c4 49. d6 Rd2 50. d7 c3 51. Ke1 Rd6 52. Rxc3 1/2-1/2

[Event "FRA-chT3 Gr06 0607"]
[Site "France"]
[Date "2007.01.21"]
[Round "5.1"]
[White "Caroff, Frederic"]
[Black "Leroy, Olivier"]
[Result "1-0"]
[WhiteElo "2073"]
[BlackElo "2039"]
[PlyCount "103"]
[EventDate "2006.10.15"]
[EventType "team"]
[EventRounds "9"]
[EventCountry "FRA"]
[SourceTitle "EXT 2008"]
[Source "ChessBase"]
[SourceDate "2007.11.25"]
[SourceVersion "1"]
[SourceVersionDate "2007.11.25"]
[SourceQuality "1"]
[WhiteTeam "Lesneven"]
[BlackTeam "Cherbourg Octeville"]
[WhiteTeamCountry "FRA"]
[BlackTeamCountry "FRA"]

1. e4 c5 2. d4 cxd4 3. c3 Nf6 4. e5 Nd5 5. Nf3 Nc6 6. Bc4 e6 7. cxd4 d6 8. 0-0 Nb6 9. Bd3 Qc7 10. exd6 Bxd6 11. Nc3 a6 12. Re1 Be7 13. a3 0-0 14. Be3 Nd5 15. Nxd5 exd5 16. Qc2 h6 17. Rac1 Qb6 18. Qd2 Bf6 19. Bb1 Be6 20. Ne5 Rfc8 21. Nxc6 Rxc6 22. Rxc6 bxc6 23. Qc2 g6 24. Bxh6 Bf5 25. Qc5 Qxc5 26. dxc5 Bxb1 27. Rxb1 g5 28. f4 gxf4 29. b4 Be5 30. Rf1 a5 31. Bxf4 Bd4+ 32. Kh1 axb4 33. axb4 Bc3 34. b5 cxb5 35. c6 Rc8 36. c7 Ba5 37. Rd1 Bxc7 38. Rc1 Bxf4 39. Rxc8+ Kg7 40. Rc5 d4 41. Rxb5 Kf6 42. g3 Be5 43. Kg2 Kf5 44. Kf3 f6 45. h4 Kg6 46. g4 Kh6 47. Ke4 Kg6 48. Rd5 Kf7 49. Kf5 Ke7 50. h5 Kf7 51. g5 Kg7 52. Rd7+ 1-0

[Event "FRA-chT3 Gr06 0607"]
[Site "France"]
[Date "2006.11.26"]
[Round "3.1"]
[White "Caroff, Frederic"]
[Black "Le Corre, Patrick"]
[Result "1-0"]
[WhiteElo "2057"]
[BlackElo "2006"]
[PlyCount "65"]
[EventDate "2006.10.15"]
[EventType "team"]
[EventRounds "9"]
[EventCountry "FRA"]
[SourceTitle "EXT 2008"]
[Source "ChessBase"]
[SourceDate "2007.11.25"]
[SourceVersion "1"]
[SourceVersionDate "2007.11.25"]
[SourceQuality "1"]
[WhiteTeam "Lesneven"]
[BlackTeam "Queven"]
[WhiteTeamCountry "FRA"]
[BlackTeamCountry "FRA"]

1. e4 c5 2. Nf3 e6 3. c3 d5 4. e5 Nc6 5. d4 Qb6 6. a3 c4 7. Nbd2 Bd7 8. b3 Qa5 9. Bb2 b5 10. b4 Qd8 11. g3 Be7 12. Bg2 Nh6 13. Nf1 f6 14. exf6 Bxf6 15. Ne3 0-0 16. 0-0 Be8 17. Ne1 Bg6 18. a4 a6 19. Bh3 Qd6 20. f4 Be4 21. Nf3 Nf5 22. Ng4 Qe7 23. Re1 g6 24. Nxf6+ Qxf6 25. Ng5 Nce7 26. Nxe4 dxe4 27. Rxe4 Nd5 28. Qe2 Kf7 29. Re5 Rfe8 30. Bg2 Ng7 31. axb5 axb5 32. Rxa8 Rxa8 33. Rxd5 1-0

[Event "Fouesnant op 12th"]
[Site "Fouesnant"]
[Date "2006.10.29"]
[Round "3"]
[White "Caroff, Frederic"]
[Black "Jouneau, Quentin"]
[Result "1/2-1/2"]
[WhiteElo "2057"]
[BlackElo "1891"]
[PlyCount "40"]
[EventDate "2006.10.28"]
[EventType "swiss"]
[EventRounds "9"]
[EventCountry "FRA"]
[SourceTitle "EXT 2008"]
[Source "ChessBase"]
[SourceDate "2007.11.25"]
[SourceVersion "1"]
[SourceVersionDate "2007.11.25"]
[SourceQuality "1"]

1. e4 c5 2. Nf3 Nc6 3. d4 cxd4 4. c3 Nf6 5. e5 Nd5 6. Bc4 Nb6 7. Bb3 d6 8. exd6 Qxd6 9. 0-0 Na5 10. Na3 a6 11. Ba4+ Nxa4 12. Qxa4+ Nc6 13. Nxd4 Qd7 14. Nf3 Ne5 15. Qe4 Nxf3+ 16. Qxf3 Qf5 17. Qg3 Qg4 18. Qc7 Qd7 19. Qg3 Qg4 20. Qc7 Qd7 1/2-1/2

[Event "Fouesnant op 12th"]
[Site "Fouesnant"]
[Date "2006.10.29"]
[Round "2"]
[White "Drean, Philippe"]
[Black "Caroff, Frederic"]
[Result "1/2-1/2"]
[WhiteElo "1910"]
[BlackElo "2057"]
[PlyCount "55"]
[EventDate "2006.10.28"]
[EventType "swiss"]
[EventRounds "9"]
[EventCountry "FRA"]
[SourceTitle "EXT 2008"]
[Source "ChessBase"]
[SourceDate "2007.11.25"]
[SourceVersion "1"]
[SourceVersionDate "2007.11.25"]
[SourceQuality "1"]

1. e4 c5 2. d4 cxd4 3. c3 dxc3 4. Nxc3 Nc6 5. Nf3 d6 6. Bc4 e6 7. 0-0 Nf6 8. Qe2 a6 9. a4 Be7 10. Rd1 Qc7 11. Bg5 0-0 12. Rac1 Qb8 13. Rd3 e5 14. Bxf6 Bxf6 15. Nd5 Bd8 16. Ne1 Nd4 17. Qd1 b5 18. Ba2 Be6 19. Nc2 Nxc2 20. Rxc2 bxa4 21. Ra3 Ra7 22. Rxa4 a5 23. Qd2 Rb7 24. Rac4 Bxd5 25. exd5 Bb6 26. Rg4 Bd4 27. Rxg7+ Kxg7 28. Qg5+ 1/2-1/2

[Event "Avoine op 20th"]
[Site "Avoine"]
[Date "2005.07.23"]
[Round "1"]
[White "Bogdan, Dan"]
[Black "Caroff, Frederic"]
[Result "1-0"]
[WhiteElo "2455"]
[BlackElo "2074"]
[PlyCount "77"]
[EventDate "2005.07.23"]
[EventType "swiss"]
[EventRounds "9"]
[EventCountry "FRA"]
[SourceTitle "EXT 2007"]
[Source "ChessBase"]
[SourceDate "2006.11.23"]
[SourceVersion "1"]
[SourceVersionDate "2006.11.23"]
[SourceQuality "1"]

1. c4 Nf6 2. g3 g6 3. Bg2 Bg7 4. Nc3 d6 5. e4 e5 6. Nge2 Nc6 7. d3 0-0 8. 0-0 Nh5 9. Be3 Nd4 10. Qd2 Bh3 11. Nxd4 Bxg2 12. Ne6 Qc8 13. f3 Bxf1 14. Nxg7 Nxg7 15. Rxf1 c6 16. d4 f6 17. b3 exd4 18. Bxd4 Qe6 19. Kg2 a6 20. Bb6 Rf7 21. Rd1 Ne8 22. a4 Rc8 23. h4 Rd7 24. Ne2 Re7 25. Nc3 Qf7 26. Qd3 f5 27. Be3 fxe4 28. Nxe4 d5 29. cxd5 cxd5 30. Qxd5 Rc2+ 31. Kh3 Qxd5 32. Rxd5 Rb2 33. Bg5 Re6 34. Rd3 b6 35. g4 Rb1 36. Kg3 Rb2 37. Bf4 Nf6 38. Nxf6+ Rxf6 39. Be5 1-0